|
|
|
|
| LEADER |
00000nam a2200000 c 4500 |
| 005 |
20120925155936.0 |
| 007 |
cr|||| |||| |
| 008 |
111014s2011 sp bd | ||||o000 0 spa c |
| 020 |
|
|
|a 9788473514095
|
| 035 |
|
|
|a 6619
|
| 040 |
|
|
|d vLex
|
| 043 |
|
|
|a e-sp---
|
| 090 |
|
|
|c 3467
|d 3467
|
| 100 |
1 |
|
|a Salom Parets, Aina
|
| 245 |
1 |
4 |
|a Las limitaciones al crecimiento poblacional y espacial establecidas por la normativa territorial y urbans̕tica
|h [Recurso electrn̤ico] /
|c Aina Salom Parets
|
| 256 |
|
|
|a Servicio en ln̕ea
|
| 260 |
|
|
|a Madrid :
|b Instituto Nacional de Administracin̤ Pb︢lica,
|c 2011
|
| 300 |
|
|
|a 1 recurso electrn̤ico
|
| 490 |
0 |
|
|a Monografa̕s / INAP
|
| 504 |
|
|
|a Bibliografa̕
|
| 506 |
1 |
|
|a Contenido solo disponible en los productos indicados
|d vLex Global
|d vLex Global (Academic Edition, excluding Law Schools)
|d vLex Global (U.S. Academic Edition, Law Schools)
|d vLex Global (U.S. Academic Edition, excluding Law Schools)
|d vLex Global (Academic Edition, Law Schools)
|
| 650 |
0 |
4 |
|a Derecho ambiental
|z Espaą
|
| 650 |
0 |
4 |
|a Derecho urbans̕tico
|z Espaą
|
| 650 |
0 |
4 |
|a Urbanismo
|z Espaą
|
| 650 |
0 |
4 |
|a Desarrollo urbano
|z Espaą
|
| 710 |
2 |
|
|a Instituto Nacional de Administracin̤ Pb︢lica (Espaą)
|
| 740 |
0 |
|
|a vLex Libros (Servicio en ln̕ea)
|
| 830 |
|
0 |
|a Monografa̕s (Instituto Nacional de Administracin̤ Pb︢lica (Espaą))
|
| 856 |
4 |
0 |
|u http://vlex.com/source/limitaciones-crecimiento-poblacional-espacial-establecidas-normativa-territorial-urbanistica-6619
|z Acceso restringido
|
| 942 |
|
|
|c BOOK
|
| 999 |
0 |
|
|a Environmental law
|
| 999 |
0 |
|
|a City planning and redevelopment law
|